Liability of the railways as carriers of board consignments (Record no. 501299)

000 -LEADER
fixed length control field 00443cam a22001457a 4500
008 - FIXED-LENGTH DATA ELEMENTS--GENERAL INFORMATION
fixed length control field 180718b1983 xxu||||| |||| 00| 0 eng d
082 ## - DEWEY DECIMAL CLASSIFICATION NUMBER
Classification number APPPA 82-83 JAY
100 ## - MAIN ENTRY--PERSONAL NAME
Personal name Jayaram, R.
245 ## - TITLE STATEMENT
Title Liability of the railways as carriers of board consignments
Statement of responsibility, etc. by R. Jayaram
260 ## - PUBLICATION, DISTRIBUTION, ETC.
Place of publication, distribution, etc. New Delhi
Name of publisher, distributor, etc. Indian Institute of Public Administration
Date of publication, distribution, etc. 1983
300 ## - PHYSICAL DESCRIPTION
Extent 107p.
650 ## - SUBJECT ADDED ENTRY--TOPICAL TERM
Topical term or geographic name entry element Board consignments
650 ## - SUBJECT ADDED ENTRY--TOPICAL TERM
Topical term or geographic name entry element Railways
650 ## - SUBJECT ADDED ENTRY--TOPICAL TERM
Topical term or geographic name entry element Liability
Holdings
Withdrawn status Lost status Damaged status Not for loan Permanent Location Current Location Date acquired Full call number Barcode Date last seen Price effective from Koha item type
        Indian Institute of Public Administration Indian Institute of Public Administration 2018-08-04 APPPA 82-83 JAY GR11162 2018-08-04 2018-08-04 GR

Powered by Koha